000 00663nam a2200265Ia 4500
005 20260121172857.0
008 008 260114s9999 xx 000 0 eng d
020 _a9783030880323
037 _aEBOOK
040 _aCRL
040 _beng
040 _cCRL
041 _2eng
041 _aeng
084 _qCRL
100 _aJérémie Bouchard
_91093852
245 0 _aComplexity, Emergence, and Causality in Applied Linguistics
260 _bSpringer
260 _bSpringer
260 _c2021
856 _uhttps://link.springer.com/openurl?genre=book&isbn=978-3-030-88032-3
942 _cEBOOK
999 _c1659594
_d1659594